000
00284nam a2200121Ia 4500
008
190216s9999||||xx |||||||||||||| ||und||
100
_a
Nesan T Mathew
245
0
_a
Rashtram
260
_b
Kerala Bhasha Institute
_c
1985
300
_a
280p
650
_a
Political Science
942
_c
BK
999
_c
34848
_d
34848